Statistics for Famous Joes

Click here to take the quiz!

General Stats

  • This quiz has been taken 13 times
  • The average score is 4 of 7

Answer Stats

HintAnswer% Correct
Presidential Candidatejoe Biden
100%
Russian DictatorJoseph Stalin
92%
Yankees pitcher, who played for 13 years in the MLBJoe dimaggio
83%
A Jonas BrotherJoe Jonas
67%
A Family Guy characterjoe Swanson
25%
stand-up comedian and martial artistjoe rogan
8%
Nazi PhilosopherJoseph Gobbles
8%

Score Distribution

Percentile by Number Answered

Percent of People with Each Score

Your Score History

You have not taken this quiz